000 00570cam a22002292a 4500
001 011600
003 AR-FADEU
008 311216n1993####xxu####################dd
020 _a987-99413-0-6
092 _a331.2
_bL412
100 _aLaville, Antoine
245 _aEnvejecimiento y trabajo
260 _aBuenos Aires
260 _bPIETTE
260 _bCONICET
260 _c1993
300 _a136 p
440 _aCiencias Sociales del trabajo
500 _aIncluye bibliografía
650 _aTRABAJO-CONDICIONES; ENVEJECIMIENTO-TRABAJO
942 _cBDGR
999 _c17375
_d17375